1252 1303 1791 1953 1183 1377 1967 1536 1727 1359 1188 1190 1081 1762 1072 1509 1723 1397 1894 1429 1415 1125 1709 1271 1773 1890 1573 1304 1587 1051 1472 1985 1373 1709 1731 1344 1944 1528 1131 1088 1429 1866 1058 1658 1236 1305 1269 1903 1672 1910 1749 1549 1723 1345 1876 1758 1413 1307 1794 1116 1673 1737 1712 1586 1251 1787 1749 1693 1412 1325 1472 1592 1707 1356 1864 1530 1894 1479 1908 1990 1560 1158 1111 1780 1889 1811 1188 1246 1302 1395 1073 1702 1193 1573 1245 1258 1338 1113 1267 BCNSPRNW ULIB Ver.6.0+V

เปลี่ยนเป็นภาษาไทย

Change to English
 แสดงรายละเอียดบรรณานุกรม
  กลับหน้าหลัก

Brief Record : Get Marc (ISO 2709) : E-mail record : QR code < ปิดหน้าต่าง
LEADER : 00000nam 2200000uu 4500
001    13399124379
003     ULIB
008    150529s2555||||th 000 0 tha d
099    วจ.WY18.8^bม468ผ
100 0  มารศรี จันทร์ดี, พนิดา พาลี, พิมลพรรณ เนียมหอม, ภัทรานิษฐ์ จองแก และทิพย์สุดา เส็งพานิช
245 00 ผลของการจัดการเรียนการสอนโดยใช้กรณีศึกษาต่อความสามารถในการใช้กระบวนการพยาบาลของนักศึกษาพยาบาล รายวิชาปฏิบัติการพยาบาลบุคคลที่มีปัญหาสุขภาพ 1
260    เชียงใหม่:^bวิทยาลัยพยาบาลบรมราชชนนี เชียงใหม่, ^c2555
300    83 หน้า
650  0 การจัดการเรียนการสอน^xวิจัย
700 0  พนิดา พาลี,^eผู้ร่วมวิจัย
700 0  พิมลพรรณ เนียมหอม,^eผู้ร่วมวิจัย
700 0  ภัทรานิษฐ์ จองแก,^eผู้ร่วมวิจัย
700 0  ทิพย์สุดา เส็งพานิช,^eผู้ร่วมวิจัย
945    ^p0^l0^i039459
999    ^aเกษร โพธิ์สุวรรณ
รายการนี้ยังไม่มีแท็ก
คุณยังไม่ได้ล็อกอิน คุณสามารถมีกิจกรรมร่วมกับเว็บไซต์ได้ แต่ต้องล็อกอินก่อน ::
  ล็อกอิน

รายการสื่อสารสนเทศ

ลำดับที่ ประเภท เลขเรียก/บาร์โค้ด สถานที่ สถานะ
1. งานวิจัย
งานวิจัย
วจ.WY18.8 ม468ผ ฉ.1 
  Barcode: 039459
ห้องสมุดวิทยาเขตสวรรค์ประชารักษ์
►วิจัย
บนชั้น

BibComment


ยังไม่เคยถูกคอมเมนท์

คอมเมนท์ทรัพยากรรายการนี้
  คอมเมนท์: ผลของการจัดการเรี..


 Copyright 2026. Bcnsprnw @Library